| 000 | 00628nam a2200181Ia 4500 | ||
|---|---|---|---|
| 008 | 090122s9999 xx 000 0 und d | ||
| 082 |
_b13893 _a808.899 |
||
| 100 |
_aभिडे _bआ.दि |
||
| 245 | _aम्हणींवरुन निबंध | ||
| 260 |
_bमृण्मयी ऋग्वेदी _c2004 |
||
| 300 | _a64 | ||
| 501 | _a"236 - 02/12/2008 फुलराणी प्रकाशन,ठाणे" | ||
| 600 | _aभिडे | ||
| 630 | _aम्हणींवरुन निबंध | ||
| 700 | _aभिडे | ||
| 730 | _aम्हणींवरुन निबंध | ||
| 942 | _cBOOK | ||
| 999 |
_c37970 _d37970 |
||